000 00490nam a22001937a 4500
003 OSt
005 20180116183056.0
008 161021b xxu||||| |||| 00| 0 eng d
020 _a0
040 _c0
082 _a962.020924 DIN 1983
100 _aDin,Beha Ud.
245 _aThe Life Of Salah Ud Din Ayyubi
_cBeha Ud Din
260 _aRawalpindi
_bPAP-Board Printers
_c1983.
300 _a420p.
_bHB.
440 _aThe Life Of Salah Ud Din Ayyubi
500 _aHB.
942 _2ddc
_cBK
999 _c351848
_d351848